|
|
|
|
| LEADER |
00000nam a2200000Ii 4500 |
| 001 |
DIGUQBAR0017 |
| 003 |
NyNyDIG |
| 006 |
m o d |
| 007 |
cr ||||||||||| |
| 008 |
131101s2007 cl o 000 0dspa d |
| 020 |
|
|
|z 9789568601140 (vol.1 : pbk)
|
| 020 |
|
|
|z 9568601147 (vol.1 : pbk)
|
| 035 |
|
|
|a (OCoLC)659466399
|
| 040 |
|
|
|a DGITA
|b eng
|e pn
|c DGITA
|
| 050 |
1 |
4 |
|a PQ8098.17 eBook
|
| 100 |
1 |
|
|a Galemiri, Benjamín.
|
| 240 |
1 |
0 |
|a Works.
|f 2007
|
| 245 |
1 |
0 |
|a Obras completas
|n I /
|c Benjamín Galemiri.
|
| 264 |
|
1 |
|a Santiago, Chile :
|b Uqbar Editores,
|c 2007.
|
| 300 |
|
|
|a 1 online resource (597 pages)
|
| 336 |
|
|
|a text
|b txt
|2 rdacontent
|
| 337 |
|
|
|a computer
|b c
|2 rdamedia
|
| 338 |
|
|
|a online resource
|b cr
|2 rdacarrier
|
| 490 |
1 |
|
|a Colección literatura. Dramaturgia.
|
| 505 |
0 |
|
|a Obras son amores o "Galemiri", marca mundial -- Las obras de Galemiri. R. Ruiz -- Humor y desmesura moral en Galemiri. A. Letelier -- Benjamín Galemiri. Obras completas. C. Oyarzún -- La gran dramaturgia de Galemiri. M. Langhoff -- Galemiri. F. Arrabal -- Bob Dylan o El enceguecedor rayo del Tsinsumm -- Romantikish o Lizza Minnelli -- Las cáscaras del ser -- Déjala sangrar -- Edipo asesor -- Infamante Electra -- El coordinador -- El seductor -- El solitario -- Ese discreto ego culpable -- El libro de Rebeca -- Falso travelling -- Falso remake -- Baruch Spinoza o El amor intelectual a Dios -- Los principios de la fe.
|
| 655 |
|
0 |
|a Electronic books.
|
| 791 |
2 |
|
|a Digitalia (Firm),
|e distributor.
|
| 830 |
|
0 |
|a Colección Literatura (Uqbar Editores).
|
| 830 |
|
0 |
|a Colección literatura (Uqbar Editores).
|p Dramaturgia
|
| 793 |
0 |
|
|g Digitalia eBook Collection:
|a Uqbar Editores.
|
| 856 |
4 |
0 |
|3 Digitalia Hispánica
|u https://www.digitaliapublishing.com/a/21294/
|
| 910 |
|
|
|a Premium Collection: 2007-2012
|